000 00671nam a22001577a 4500
003 OSt
005 20151006100856.0
008 151006b xxu||||| |||| 00| 0 eng d
040 _cRUA
082 _aAVM TUN 1996 B070 Or.1
100 _92117
_aTUN, YOUHEANG.
245 _aThe study of cattle raising for draft in the HUN SEN development center, krain yov, ការសិក្សាពីកាេចិញ្ចឹមគោជាកំលាំងអូសទាញនៅមជ្ឈមណ្ធលអភិវឌ្ឍន៍ ហ៊ុន សែន ក្រាំងយ៉ូវ.
260 _aphnom phen
_bRUA
_c1996
300 _a82p.
_bill.
_c29cm.
942 _2ddc
_cAVM
999 _c1991
_d1991